| 000 | 00000nas 2200000za 4500 |
| 001 | 9.506788 |
| 003 | CaOODSP |
| 005 | 20230209150056 |
| 007 | cr ||||||||||| |
| 008 | 150406d20112012xxc|| p o||||f| |0eng|d |
| 040 | |aCaOODSP|beng |
| 043 | |an-cn--- |
| 086 | 1 |aCi1-11E-EPUB |
| 110 | 1 |aCanada. |bCitizenship and Immigration Canada. |
| 245 | 10|aDiscover Canada : |bthe rights and responsibilities of citizenship. |
| 264 | 1|aOttawa, Ontario : |bCitizenship and Immigration Canada |
| 310 | |aIrregular |
| 362 | 1 |aBegan with 2011; ceased with 2012. |
| 775 | 08|tDécouvrir le Canada : |w(CaOODSP)9.503183 |
| 776 | 0#|tDiscover Canada : |w(CaOODSP)9.515755 |
| 776 | 0#|tDiscover Canada : |w(CaOODSP)9.515815 |